Annex VI of MARPOL 73/78 regulations for the prevention of air pollution from ships and NOx technical code (Record no. 3282)
[ view plain ]
| 000 -LEADER | |
|---|---|
| fixed length control field | 00604nam a2200169Ia 4500 |
| 008 - FIXED-LENGTH DATA ELEMENTS--GENERAL INFORMATION | |
| fixed length control field | 200103s 2000 ||||xx |||||||||||||| ||und|| |
| 020 ## - INTERNATIONAL STANDARD BOOK NUMBER | |
| International Standard Book Number | 9788175980174 |
| 082 ## - DEWEY DECIMAL CLASSIFICATION NUMBER | |
| Classification number | 363.7394 |
| Item number | IMO |
| 110 ## - MAIN ENTRY--CORPORATE NAME | |
| Corporate name or jurisdiction name as entry element | International Maritime Organization |
| 245 #0 - TITLE STATEMENT | |
| Title | Annex VI of MARPOL 73/78 regulations for the prevention of air pollution from ships and NOx technical code |
| 260 ## - PUBLICATION, DISTRIBUTION, ETC. (IMPRINT) | |
| Name of publisher, distributor, etc | Sterling Book House |
| Date of publication, distribution, etc | 2000 |
| Place of publication, distribution, etc | Mumbai |
| 300 ## - PHYSICAL DESCRIPTION | |
| Extent | vi, 150 p. |
| 650 ## - SUBJECT ADDED ENTRY--TOPICAL TERM | |
| Topical term or geographic name as entry element | Requirements for control of emissions from ships |
| 650 ## - SUBJECT ADDED ENTRY--TOPICAL TERM | |
| Topical term or geographic name as entry element | Nitrogen oxides emission standards |
| 650 ## - SUBJECT ADDED ENTRY--TOPICAL TERM | |
| Topical term or geographic name as entry element | CO2 emissions from ships |
| 942 ## - ADDED ENTRY ELEMENTS (KOHA) | |
| Item type | Books |
| Withdrawn status | Lost status | Source of classification or shelving scheme | Damaged status | Not for loan | Collection code | Permanent location | Current location | Shelving location | Date acquired | Full call number | Barcode | Date last seen | Koha item type | Public note |
|---|---|---|---|---|---|---|---|---|---|---|---|---|---|---|
| Non-fiction | IMU-MPC Library | IMU-MPC Library | General Stacks | 2020-01-08 | 363.7394 IMO | MPCGEC444 | 2025-03-17 | Books | Column - 24 | |||||
| Non-fiction | IMU-MPC Library | IMU-MPC Library | General Stacks | 2020-01-08 | 363.7394 IMO | LBS11331 | 2024-04-12 | Books | Column - 24 | |||||
| Non-fiction | IMU-MPC Library | IMU-MPC Library | General Stacks | 2020-01-08 | 363.7394 IMO | MPCGEC442 | 2025-03-17 | Books | Column - 24 | |||||
| Non-fiction | IMU-MPC Library | IMU-MPC Library | General Stacks | 2020-01-08 | 363.7394 IMO | MPCGEC443 | 2025-03-17 | Books | Column - 24 | |||||
| Non-fiction | IMU-MPC Library | IMU-MPC Library | General Stacks | 2020-01-08 | 363.7394 IMO | LBS11142 | 2025-03-17 | Books | Column - 24 | |||||
| Non-fiction | IMU-MPC Library | IMU-MPC Library | General Stacks | 2020-01-08 | 363.7394 IMO | LBS11329 | 2025-03-17 | Books | Column - 24 | |||||
| Non-fiction | IMU-MPC Library | IMU-MPC Library | General Stacks | 2020-01-08 | 363.7394 IMO | LBS11330 | 2025-03-17 | Books | Column - 24 | |||||
| Non-fiction | IMU-MPC Library | IMU-MPC Library | General Stacks | 2020-01-08 | 363.7394 IMO | LBS11332 | 2025-03-17 | Books | Column - 24 | |||||
| Non-fiction | IMU-MPC Library | IMU-MPC Library | General Stacks | 2020-01-08 | 363.7394 IMO | LBS11143 | 2025-03-17 | Books | Column - 24 | |||||
| Non-fiction | IMU-MPC Library | IMU-MPC Library | General Stacks | 2020-01-08 | 363.7394 IMO | LBS11144 | 2025-03-17 | Books | Column - 24 | |||||
| Non-fiction | IMU-MPC Library | IMU-MPC Library | General Stacks | 2020-01-08 | 363.7394 IMO | LBS11141 | 2025-03-17 | Books | Column - 24 |


